Регионална библиотека "Любен Каравелов" - Русе

Тази песен ще спаси живота ти (Запис номер 205021)

MARC детайли
000 -Лидер
Контролно поле с фиксирана дължина 01388nam a2200361 c 4500
003 - Код на организацията, давaща контролен номер
Контролно поле BLK
005 - Дата и час на последна редакция
Контролно поле 20250606121958.0
008 - Елементи от данни с фиксирана дължина
fixed length control field 180411b bul|||||r ||||||| ||bul||
010 ## - Наследен системен номер
LC control number KNG00214600000
020 ## - Международен стандартен номер на книга ISBN
Международен стандартен номер на книга ISBN 9789546607317
040 ## - Източник на каталожния запис
Идентификатор на билиотеката - собственик на записа BLK
041 ## - Код за език
Код за езика на текст/звукозапис или на отделно заглавие Български
Код за езика КДБФ Български
072 #7 - Код за тематичната категория
Код организация bullib
Код за тематична категория Н83
Текст Чужда художествена литература Н
080 ## - УДК
Текстов определител УДК Американска литература (на САЩ)
УДК код - определител по УДК 821.111(73)
УДК определител -31
УДК - код + определител 821.111(73)-31
100 1# - Редна дума - Автор
Автор Сейлс, Лейла
Авторска отговорност първи автор
R(LIN) 119432
139 ## - Редно поле
Редна дума Сейлс, Лейла
Авторски знак Се - С 30
245 10 - Сведения за заглавието
Заглавие Тази песен ще спаси живота ти
Редно поле (дума) Лейла Сейлс; прев. от англ. Елка Йорданова Виденова.
257 ## - Страна на издаване
Страна на създаване/издаване Съединени американски щати
260 ## - Област на издателските данни
Място на издаване, разпространение и проч. София
Име на издателя, разпространителя и проч. ПАН
Година на издаване 2016
Печатница София : Инвестпрес
300 ## - Физическа характеристика
Страници 288 с.
Размери/Мащаб 20 см
380 ## - Жанр
Жанр Худож. лит.
490 ## - СЕРИИ (Колекции)
Име на серия Мега исТИЙНско
9 (RLIN) 208410
500 ## - Общи забележки
Забележка Ориг. загл.: This song will save your life / Leila Sales
659 ## - Тематичен бюлетин
Тематичен бюлетин Н
700 1# - Други автори (авторска отговорност)
Лично име Виденова, Елка Йорданова
Автороска отговорност (Описва отношението между автора и произведението) прев. от англ.
9 (RLIN) 370686
852 ## - Местоположение
Форматна сигнатура Цб 288351
856 4# - Електронен адрес и достъп
Електронен формат pdf - файл
856 4# - Електронен адрес и достъп
Електронен формат pdf - файл
999 ## - СИСТЕМНИ КОНТРОЛНИ НОМЕРА
Koha biblionumber 205021
Koha biblioitemnumber 205021
942 ## - АРТИКУЛИ
Вид на библиотечния материал Книги
Скрит в OPAC Не
Периодичен библиозапис Да
Koha issues (borrowed), all copies 15
944 ## - СЪЗДАВАНЕ И РЕДАКЦИЯ на ЗАПИСА
Създаване/Редакция Създаване
Дата на регистрацията/редакция 23.11.2017
Служител, извършил регистрацията/редакцията 30531
Статус, дата на статуса Цветелина Шанова
944 ## - СЪЗДАВАНЕ И РЕДАКЦИЯ на ЗАПИСА
Създаване/Редакция Редакция
Дата на регистрацията/редакция 23.01.2018
Служител, извършил регистрацията/редакцията Грета_Цуфелде
999 ## - СИСТЕМНИ КОНТРОЛНИ НОМЕРА
Koha biblioitemnumber 205021
Наличности
Код за отписване Код за изгубен артикул Код за повреда Коз за рестрикции Код за отдаване Артикулен № Име на библиотеката - собственик Име на библиотеката, в която се намира в момента Статус (Текущо местоположение) Дата на вписване в системата Местоположение - отдел Цена в лева Инвентарен номер Систематично азбучна сигнатура Баркод Номер на екземпляра Цена в евро Служебна бележка Служебен тип на артикула Източник на класификационната схема
  Не е изгубен Не е повреден без рестрикции ползва се в читалня 353169 Регионална библиотека "Любен Каравелов" Русе Регионална библиотека "Любен Каравелов" Русе Хранилище 2017-11-28 Хранилище 13.90 120000817437 Цб 288351 120000817437 1 7.11 Дост: Dp Вид: Д N: 44 Дата: 05.10.2017 Книги  
  Не е изгубен Не е повреден без рестрикции заемане за дома 800914 Регионална библиотека "Любен Каравелов" Русе Регионална библиотека "Любен Каравелов" Русе Заемна - подръчен фонд 2020-09-26 Заемна - подръчен фонд 9.45   821-31/С 30 Л 120000848029   4.83   Книги Universal Decimal Classification
  Не е изгубен Не е повреден без рестрикции заемане за дома 800915 Регионална библиотека "Любен Каравелов" Русе Регионална библиотека "Любен Каравелов" Русе Заемна - подръчен фонд 2020-09-26 Заемна - подръчен фонд 9.45   821-31/С 30 Л 120000848028   4.83   Книги Universal Decimal Classification
Vip Innovations Ltd, Rousse, Bulgaria 2025